LEADER 01167nas a2200241 i 4500 001 000000006677 003 CaOOAMICUS 005 20221216154823.0 008 180830c19949999be zx u0 z|lat u 040 $aSeMil$bita 245 00$aCorpus Christianorum. Hagiographies$h[generale di collana] /$cdirigée par Guy Philippart. 264 1$aTurnhout :$bBrepols,$c1994- 300 $av. ;$c25 cm. 500 $aCorpus Christianorum. Hagiographies 650 4$aAgiografia - Storia.$0(OLS)http://semarc/subject/1046 700 1 $aPhilippart, Guy,$d<1938- >.$0(OLS)http://semarc/name/10601 760 0 $tCorpus Christianorum.$dTurnholti : Brepols, 1951-$x1378-9562$w()681 830 0$aCorpus Christianorum. Hagiographies.$0(OLS)http://semarc/title/8912 850 $aSeMil 852 $aSeMil$W1$xVenegono$y1$mVedi "Titolo uniforme di collana" per le collocazioni dei singoli volumi$j222888$qSottoscrizione aperta$B243634$CSeMilBibl$Z2$F243634 $8I 996 $6245$aCorpus Christianorum. Hagiographies$h[generale di collana]$9(OLS)http://semarc/title/442270 996 $6264$aTurnhout :$bBrepols$9(OLS)http://semarc/publisher/29626 LEADER 00846nam a2200205 i 4500 001 000000098712 003 CaOOAMICUS 005 20171009000000.0 008 171009s1821 it u000 u ita u 013 $a70864 026 $asemo i,el vihe etJu (3) 1821 (R) 040 $aSeMil$bita 245 10$aVol. 1. 300 $aXII, 487, [1] p. 490 0 $aBiblioteca storica di tutte le nazioni 773 0 $aGiannone, Pietro <1676-1748>$tIstoria civile del Regno di Napoli di Pietro Giannone. Volume 1. [-9.].$dMilano : Per Nicolò Bettoni, 1821-1822.$kBiblioteca storica di tutte le nazioni$g1$w()16604 830 0$aBiblioteca storica di tutte le nazioni.$0(OLS)http://semarc/title/41888 850 $aSeMil 852 $aSeMil$W1$xVenegono$y1$m3V II 64 FA$j56451$B56451$CSeMilBibl$Z2$F66223 $8I 996 $6245$aVol. 1$9(OLS)http://semarc/title/13429